| 000 | 00635nam a22002177a 4500 | ||
|---|---|---|---|
| 005 | 20170124110236.0 | ||
| 010 | _aB-226102 | ||
| 020 |
_c00.00 _a9788177582569 |
||
| 035 | _aB-226102 | ||
| 037 | _bCen Lib/Ret | ||
| 040 |
_aDPL _bEN |
||
| 082 |
_a510 _bKHA |
||
| 100 |
_aKhattar, Dinesh _938243 |
||
| 245 |
_aPearson guide to Mathematics : _cby Dinesh Khattar _bfor NDA entrance examination / |
||
| 260 |
_aNew Delhi _bPearson Education _c2006 |
||
| 270 | _a | ||
| 300 |
_aVarious pagings. _c28cm(pbk) |
||
| 650 |
_aEducation _91169 |
||
| 650 |
_aEducation--Examinations _942027 |
||
| 942 |
_2ddc _cEN _h510 _mKHA |
||
| 999 |
_c134870 _d134870 |
||